北海道の市町村 (2000年) - Statistics

General Stats
  • This quiz has been taken 166 times
    133 since last reset
  • The average score is 160 of 212
Answers on the Map
Answers color-coded by a green-red scale on the quiz's map according to % correct below.
 
Answer Stats
ヒント 市町村名 % Correct
札幌市さっぽろし
99%
釧路市くしろし
97%
稚内市わっかないし
97%
石狩市いしかりし
97%
空知郡 北村きたむら
97%
釧路郡 釧路町くしろちょう
97%
函館市はこだてし
96%
小樽市おたるし
96%
旭川市あさひかわし
96%
室蘭市むろらんし
96%
苫小牧市とまこまいし
96%
根室市ねむろし
96%
千歳市ちとせし
96%
士別市しべつし
95%
北広島市きたひろしまし
95%
山越郡 長万部町おしゃまんべちょう
95%
礼文郡 礼文町れぶんちょう
95%
帯広市おびひろし
93%
夕張市ゆうばりし
93%
留萌市るもいし
93%
紋別市もんべつし
93%
滝川市たきかわし
93%
深川市ふかがわし
93%
恵庭市えにわし
93%
松前郡 松前町まつまえちょう
93%
茅部郡 森町もりまち
93%
北見市きたみし
92%
網走市あばしりし
92%
芦別市あしべつし
92%
江別市えべつし
92%
砂川市すながわし
92%
富良野市ふらのし
92%
虻田郡 ニセコちょう
92%
増毛郡 増毛町ましけちょう
92%
天塩郡 天塩町てしおちょう
92%
沙流郡 日高町ひだかちょう
92%
美唄市びばいし
90%
名寄市なよろし
90%
上川郡 上川町かみかわちょう
90%
中川郡 中川町なかがわちょう
90%
利尻郡 利尻町りしりちょう
90%
斜里郡 斜里町しゃりちょう
90%
幌泉郡 えりもちょう
90%
厚岸郡 厚岸町あっけしちょう
90%
岩見沢市いわみざわし
89%
歌志内市うたしないし
89%
伊達市だてし
89%
檜山郡 江差町えさしちょう
89%
奥尻郡 奥尻町おくしりちょう
89%
余市郡 余市町よいちちょう
89%
中川郡 音威子府村おといねっぷむら
89%
宗谷郡 猿払村さるふつむら
89%
虻田郡 洞爺村とうやむら
89%
標津郡 中標津町なかしべつちょう
89%
目梨郡 羅臼町らうすちょう
89%
登別市のぼりべつし
88%
積丹郡 積丹町しゃこたんちょう
88%
空知郡 中富良野町なかふらのちょう
88%
白老郡 白老町しらおいちょう
88%
上磯郡 木古内町きこないちょう
86%
雨竜郡 雨竜町うりゅうちょう
86%
空知郡 南富良野町みなみふらのちょう
86%
利尻郡 利尻富士町りしりふじちょう
86%
様似郡 様似町さまにちょう
86%
枝幸郡 浜頓別町はまとんべつちょう
85%
常呂郡 佐呂間町さろまちょう
85%
広尾郡 広尾町ひろおちょう
85%
白糠郡 白糠町しらぬかちょう
85%
石狩郡 当別町とうべつちょう
84%
山越郡 八雲町やくもちょう
84%
樺戸郡 新十津川町しんとつかわちょう
84%
空知郡 上富良野町かみふらのちょう
84%
勇払郡 占冠村しむかっぷむら
84%
枝幸郡 中頓別町なかとんべつちょう
84%
枝幸郡 枝幸町えさしちょう
84%
足寄郡 足寄町あしょろちょう
84%
標津郡 標津町しべつちょう
84%
松前郡 福島町ふくしまちょう
82%
寿都郡 黒松内町くろまつないちょう
82%
上川郡 下川町しもかわちょう
82%
紋別郡 遠軽町えんがるちょう
82%
浦河郡 浦河町うらかわちょう
82%
上川郡 新得町しんとくちょう
82%
雨竜郡 幌加内町ほろかないちょう
81%
天塩郡 豊富町とよとみちょう
81%
網走郡 女満別町めまんべつちょう
81%
紋別郡 興部町おこっぺちょう
81%
足寄郡 陸別町りくべつちょう
81%
野付郡 別海町べつかいちょう
81%
赤平市あかびらし
79%
瀬棚郡 瀬棚町せたなちょう
79%
虻田郡 倶知安町くっちゃんちょう
79%
上川郡 美瑛町びえいちょう
79%
河東郡 士幌町しほろちょう
79%
厚岸郡 浜中町はまなかちょう
79%
三笠市みかさし
78%
檜山郡 上ノ国町かみのくにちょう
78%
岩内郡 岩内町いわないちょう
78%
空知郡 上砂川町かみすながわちょう
78%
夕張郡 栗山町くりやまちょう
78%
雨竜郡 沼田町ぬまたちょう
78%
苫前郡 羽幌町はぼろちょう
78%
天塩郡 幌延町ほろのべちょう
78%
勇払郡 厚真町あつまちょう
78%
上川郡 清水町しみずちょう
78%
中川郡 池田町いけだちょう
78%
川上郡 弟子屈町てしかがちょう
78%
古宇郡 泊村とまりむら
77%
雨竜郡 北竜町ほくりゅうちょう
77%
上川郡 東神楽町ひがしかぐらちょう
77%
中川郡 美深町びふかちょう
77%
天塩郡 遠別町えんべつちょう
77%
紋別郡 西興部村にしおこっぺむら
77%
虻田郡 豊浦町とようらちょう
77%
勇払郡 鵡川町むかわちょう
77%
川上郡 標茶町しべちゃちょう
77%
上磯郡 知内町しりうちちょう
75%
夕張郡 由仁町ゆにちょう
75%
上川郡 和寒町わっさむちょう
75%
斜里郡 小清水町こしみずちょう
75%
河東郡 上士幌町かみしほろちょう
75%
亀田郡 七飯町ななえちょう
74%
樺戸郡 月形町つきがたちょう
74%
上川郡 愛別町あいべつちょう
74%
網走郡 美幌町びほろちょう
74%
常呂郡 訓子府町くんねっぷちょう
74%
河西郡 芽室町めむろちょう
74%
寿都郡 寿都町すっつちょう
73%
余市郡 赤井川村あかいがわむら
73%
上川郡 比布町ぴっぷちょう
73%
上川郡 剣淵町けんぶちちょう
73%
常呂郡 留辺蘂町るべしべちょう
73%
石狩郡 新篠津村しんしのつむら
71%
茅部郡 鹿部町しかべちょう
71%
雨竜郡 秩父別町ちっぷべつちょう
71%
苫前郡 苫前町とままえちょう
71%
河西郡 中札内村なかさつないむら
71%
広尾郡 大樹町たいきちょう
71%
十勝郡 浦幌町うらほろちょう
71%
阿寒郡 阿寒町あかんちょう
71%
磯谷郡 蘭越町らんこしちょう
70%
古宇郡 神恵内村かもえないむら
70%
古平郡 古平町ふるびらちょう
70%
雨竜郡 妹背牛町もせうしちょう
70%
上川郡 東川町ひがしかわちょう
70%
新冠郡 新冠町にいかっぷちょう
70%
静内郡 静内町しずないちょう
70%
中川郡 豊頃町とよころちょう
70%
虻田郡 留寿都村るすつむら
68%
虻田郡 喜茂別町きもべつちょう
68%
虻田郡 京極町きょうごくちょう
68%
紋別郡 湧別町ゆうべつちょう
68%
河東郡 鹿追町しかおいちょう
68%
中川郡 幕別町まくべつちょう
68%
空知郡 南幌町なんぽろちょう
67%
苫前郡 初山別村しょさんべつむら
67%
紋別郡 白滝村しらたきむら
67%
阿寒郡 鶴居村つるいむら
67%
島牧郡 島牧村しままきむら
66%
空知郡 奈井江町ないえちょう
66%
樺戸郡 浦臼町うらうすちょう
66%
上川郡 鷹栖町たかすちょう
66%
河東郡 音更町おとふけちょう
66%
上磯郡 上磯町かみいそちょう
64%
斜里郡 清里町きよさとちょう
64%
紋別郡 雄武町おうむちょう
64%
白糠郡 音別町おんべつちょう
64%
瀬棚郡 今金町いまかねちょう
63%
余市郡 仁木町にきちょう
63%
浜益郡 浜益村はまますむら
62%
檜山郡 厚沢部町あっさぶちょう
62%
常呂郡 常呂町ところちょう
62%
有珠郡 壮瞥町そうべつちょう
62%
沙流郡 門別町もんべつちょう
62%
中川郡 本別町ほんべつちょう
62%
岩内郡 共和町きょうわちょう
60%
留萌郡 小平町おびらちょう
60%
虻田郡 虻田町あぶたちょう
60%
勇払郡 追分町おいわけちょう
60%
沙流郡 平取町びらとりちょう
60%
亀田郡 椴法華村とどほっけむら
59%
紋別郡 滝上町たきのうえちょう
59%
三石郡 三石町みついしちょう
59%
厚田郡 厚田村あつたむら
58%
夕張郡 長沼町ながぬまちょう
58%
上川郡 風連町ふうれんちょう
58%
網走郡 津別町つべつちょう
58%
常呂郡 置戸町おけとちょう
56%
河西郡 更別村さらべつむら
55%
亀田郡 大野町おおのちょう
53%
上川郡 当麻町とうまちょう
53%
紋別郡 丸瀬布町まるせっぷちょう
53%
茅部郡 砂原町さわらちょう
52%
虻田郡 真狩村まっかりむら
52%
空知郡 栗沢町くりさわちょう
52%
網走郡 東藻琴村ひがしもことむら
52%
亀田郡 恵山町えさんちょう
51%
爾志郡 乙部町おとべちょう
51%
広尾郡 忠類村ちゅうるいむら
49%
瀬棚郡 北檜山町きたひやまちょう
47%
枝幸郡 歌登町うたのぼりちょう
47%
紋別郡 生田原町いくたはらちょう
47%
紋別郡 上湧別町かみゆうべつちょう
47%
亀田郡 戸井町といちょう
45%
有珠郡 大滝村おおたきむら
45%
茅部郡 南茅部町みなみかやべちょう
42%
爾志郡 熊石町くまいしちょう
41%
上川郡 朝日町あさひちょう
41%
勇払郡 早来町はやきたちょう
41%
久遠郡 大成町たいせいちょう
37%
常呂郡 端野町たんのちょう
37%
勇払郡 穂別町ほべつちょう
37%
No matching quizzes found
Score Distribution
Percent of People with Each Score
Percentile by Number Answered
Your Score History
You have not taken this quiz since the last reset